000 00475nmm a2200169Ia 4500
008 251105s9999||||xx |||||||||||||||||und||
020 _a8470305190
041 _aspa
100 _aGonzález, José Lorenzo
245 0 _aPsicología del deporte
264 _a[Madrid, España] :
_bBiblioteca Nueva,
_c1997
300 _a261 páginas
490 _aPsicología Universidad
650 _aPsychology
856 _uhttps://public.digitaliapublishing.com/a/4448
942 _cCF
999 _c73102
_d73102